Journal of science and computer education(JOSCED) (Record no. 38447)
[ view plain ]
| 000 -LEADER | |
|---|---|
| fixed length control field | 00632nam a2200169Ia 4500 |
| 022 ## - INTERNATIONAL STANDARD SERIAL NUMBER | |
| ISSN | 11156787 |
| 050 ## - CALL MARK | |
| Classification number | Q 183.4.N5 .J68/ |
| 245 #0 - TITLE STATEMENT | |
| Title | Journal of science and computer education(JOSCED) |
| 260 ## - PUBLICATION, DISTRIBUTION, ETC. (IMPRINT) | |
| Place of publication | Enugu state |
| 260 ## - PUBLICATION, DISTRIBUTION, ETC. (IMPRINT) | |
| Name of publisher | Department of science and computer education |
| 260 ## - PUBLICATION, DISTRIBUTION, ETC. (IMPRINT) | |
| Year of publication | 2014 |
| 300 ## - PHYSICAL DESCRIPTION | |
| Number of Pages | viii, 284 p. 20 cm. |
| 650 ## - SUBJECT ADDED ENTRY--TOPICAL TERM | |
| Topical Term | Science--Study and teaching--Nigeria--Periodicals. Computer science--Study and teaching--Nigeria--Periodicals. Computer science--Study and teaching. Science--Study and teaching. Nigeria. |
| 942 ## - ADDED ENTRY ELEMENTS (KOHA) | |
| Koha item type | Serials |
No items available.